Tilastot visalle Suomen tiheimmin asutut kunnat

Klikkaa tästä pelataksesi tätä visaa!

Yleistilastot

  • Tätä visaa on pelattu 728 kertaa
    (400 viimeisimmän päivityksen jälkeen)
  • Keskiarvotulos 24 / 30

Vastaustilastot

Väestötiheys (hlö/km²)KuntaMaakunta% Oikein
3084HelsinkiUusimaa
100%
962EspooUusimaa
99%
1010VantaaUusimaa
97%
467TamperePirkanmaa
96%
794TurkuVarsinais-Suomi
96%
261LahtiPäijät-Häme
89%
1750KauniainenUusimaa
88%
78PorvooUusimaa
88%
184VaasaPohjanmaa
85%
997MaarianhaminaAhvenanmaa
84%
1219KeravaUusimaa
83%
187KotkaKymenlaakso
82%
1216JärvenpääUusimaa
81%
123JyväskyläKeski-Suomi
81%
78RaumaSatakunta
81%
145HyvinkääUusimaa
79%
207KemiLappi
79%
111KirkkonummiUusimaa
76%
182TuusulaUusimaa
76%
122NokiaPirkanmaa
75%
236RiihimäkiKanta-Häme
74%
164ImatraEtelä-Karjala
73%
122NurmijärviUusimaa
72%
237KaarinaVarsinais-Suomi
71%
91LempääläPirkanmaa
70%
514RaisioVarsinais-Suomi
70%
249PirkkalaPirkanmaa
65%
175KempelePohjois-Pohjanmaa
58%
217PietarsaariPohjanmaa
55%
121KaskinenPohjanmaa
46%

Tulosjakauma

Persentiili vastausten määrän mukaan

Jokaisen tuloksen saaneiden osuus

Tuloshistoriasi

Et ole pelannut tätä visaa sen viimeisimmän päivityksen jälkeen